000 01205nmm a2200325 a 4500
001 ocm0001864849
003 TR-IsHL
005 20201028172459.0
008 180531s2017 tu tur
007 cr cn
020 _a9786052015261
035 _a1864849
_b(N$T)
050 0 4 _aZA4080
_b.B55 2017
090 0 4 _aZA4080
_b.B55 2017
245 1 0 _aBilişim teknolojilerinin bilgi merkezlerine ve hizmetlerine etkileri
_h[electronic resource] /
_cyayına hazırlayanlar Hüseyin Odabaş, Mehmet Ali Akkaya
250 _aBirinci basım
260 _aİstanbul :
_bHiperyayın,
_c2017
300 _a337 p.
500 _aKaynakça ve dizin var.
_x
650 4 _aKütüphanecilik
650 4 _aLibrary Science
650 0 _aDijital kütüphaneler
_x Yönetim
650 0 _aDigital Libraries
_x Management
650 0 _aElektronik bilgi kaynakları
_x Yönetim
650 0 _aElectronic information resources
_x Management
650 7 _aLANGUAGE ARTS & DISCIPLINES / Library & Information Science / General
_2bisacsh
700 1 _aOdabaş, Hüseyin
700 1 _aAkkaya, Mehmet Ali
856 4 0 _uhttp://search.ebscohost.com/login.aspx?direct=true&scope=site&db=e011xww&AN=1864849
999 _c17221
_d17221